TV Couples to Show - Statistics

General Stats
  • This quiz has been taken 22 times
  • The average score is 23 of 70
Answer Stats
Couples Answer % Correct
Sheldon Cooper and Amy The Big Bang Theory
74%
Penny and Leonard Hofstader The Big Bang Theory
74%
Stefan Salvatore and Elena Gilbert The Vampire Diaries
74%
Lucifer Morningstar and Chloe Decker Lucifer
63%
Rumplestiltskin and Belle Once Upon a Time
63%
Aria Montgomery and Ezra Fitz Pretty Little Liars
63%
Howard and Bernadette The Big Bang Theory
63%
Niklaus Mikaelson and Camille O'Connell The Originals
63%
Hayley Marshall and Elijah Mikaelson The Originals
63%
Davina Claire and Kol Mikaelson The originals
63%
Bonnie Bennett and Enzo st John The Vampire Diaries
63%
Emma Swan and Killian Jones Once Upon a Time
53%
Hanna Marin and Caleb Rivers Pretty Little Liars
53%
Kara Danvers and Mon-El Supergirl
53%
Barry Allen and Iris West The Flash
53%
Finn Hudson and Rachel Berry Glee
47%
Emma Pillsbury and Will Schuester Glee
47%
Snow white and David Nolan Once Upon a Time
47%
Rebekah Mikaelson and Marcel Gerard The Originals
47%
Freya Mikaelson and Keelin The Originals
47%
Robin Scherbatsky and Barney Stinson How I met Your Mother
42%
Magnus Bane and Alec Lightwood Shadowhunters
42%
Lexa and Clarke Griffin The 100
42%
Tyler Lockwood and Caroline Forbes The Vampire Diaries
42%
Leo Wyatt and Piper Halliwell Charmed
37%
Petra Solano and Jane Ramos Jane the Virgin
37%
Rafael Solano and Jane Villanueva Jane the Virgin
37%
Sara Lance and Ava Sharpe Legends of Tomorrow
37%
Regina Mills and Robin Hood Once Upon a Time
37%
Sabrina Spellman and Harvey Kinkle Sabrina the Teenage Witch
37%
Jace Herondale and Clary Fray Shadowhunters
37%
Simon Lewis and Isabelle Lightwood Shadowhunters
37%
Alex Danvers and Maggie Sawyer Supergirl
37%
Lincoln and Octavia Blake The 100
37%
Eleanor Shellstrop and Chidi Anagonye The Good Place
37%
Felicity Smoak and Oliver Queen Arrow
32%
Nora Darhk and Ray Palmer Legends of Tomorrow
32%
Bill Compton and Sookie Stackhouse True Blood
32%
Diana Bishop and Matthew Clairmont A Discovery of Witches
26%
Natalie Manning and Will Halstead Chicago Med
26%
Charlotte Richards and Dan Espinoza Lucifer
26%
April Sexton and Ethan Choi Chicago Med
21%
Sabrina Spellman and Nicholas Scratch Chilling Adventures of Sabrina
21%
Rory and Amy Pond Doctor Who
21%
Nate Heywood and Amaya Jiwe Legends of Tomorrow
21%
Jamie and Claire Fraser Outlander
21%
Brianna Fraser and Roger Mackenzie Outlander
21%
Francis Valois and Mary Stuart Reign
21%
Paige Dineen and Walter O Brien Scorpion
21%
Happy Quinn and Toby Curtis Scorpion
21%
Finn Collins and Raven Reyes The 100
21%
Emori and John Murphy The 100
21%
Janet and Jason Mendoza The Good Place
21%
Danny Pink and Clara Oswald Doctor Who
16%
Marcus Kane and Abby Griffin The 100
16%
Mikey and Titus Andromedon Unbreakable Kimmy Schmidt
16%
Major Lilywhite and Olivia Moore izombie
11%
Dale Bozzio and Clive Babineaux izombie
11%
Peyton Charles and Ravi Chakrabarti izombie
11%
Murtagh Fitzgibbons and Jocasta Cameron Outlander
11%
Marsali and Fergus Outlander
11%
Claude and Leith Bayard Reign
11%
Sheila and Joel Hammond Santa Clarita Diet
11%
Gabriel and Josephine Lightborne The 100
11%
Wyatt Logan and Lucy Preston Timeless
11%
Andy Bellefleur and Holly Cleary True Blood
11%
Adena el-amin and Kat Edison The Bold Type
5%
Jane Sloan and Ryan Decker The Bold Type
5%
Richard Hunter and Sutton Brady The Bold Type
5%
Jessica Hamby and Hoyt Fortenberry True Blood
5%
No matching quizzes found
Score Distribution
Percent of People with Each Score
Percentile by Number Answered
Your Score History
You have not taken this quiz